| 000 | 00432nam a2200157Ia 4500 | ||
|---|---|---|---|
| 005 | 20250417140350.0 | ||
| 008 | 231217s9999 xx 000 0 und d | ||
| 020 | _a9788131400586 | ||
| 082 | _a338.910683 JAY;1 R | ||
| 100 | _aJaya Krishna, S ed. | ||
| 245 | 0 | _aBusiness activity monitoring : an introduction | |
| 260 |
_c2006 _bIcfai _aHyderabad |
||
| 300 | _axi, 165 | ||
| 650 | _aBusiness,activity,monitoring | ||
| 942 | _cAA | ||
| 999 |
_c188501 _d188501 |
||